LEADER 01357nam 2200373Ia 450 001 996387132503316 005 20221108065645.0 035 $a(CKB)1000000000618417 035 $a(EEBO)2240872704 035 $a(OCoLC)85853047 035 $a(EXLCZ)991000000000618417 100 $a20070314d1714 uy 0 101 0 $aeng 135 $aurbn||||a|bb| 200 03$aAn accot: of the produce of the several duties upon books & prints imported into Londo: and the out ports for two years ended the 24th: June 1713$b[electronic resource] 210 $d[1714] 215 $a1 sheet ([1] p.) 300 $aCaption title. 300 $aSigned: Thos: Andrews ... Chro. [?] Tower ... 29. Aprl. 1714. 300 $aIn ms. 300 $aReproduction of original in the British Library. 330 $aeebo-0018 606 $aBook industries and trade$zEngland$vEarly works to 1800 606 $aTariff$zEngland$vEarly works to 1800 615 0$aBook industries and trade 615 0$aTariff 701 $aAndrews$b Thos$g(Thomas)$01005364 701 $aTower$b Chr$01005365 801 0$bUMI 801 1$bUMI 906 $aBOOK 912 $a996387132503316 996 $aAn accot: of the produce of the several duties upon books & prints imported into Londo: and the out ports for two years ended the 24th: June 1713$92311225 997 $aUNISA